| 000 | 02292nam0a2200373 4500 | ||
|---|---|---|---|
| 001 | RU\NLR\bibl\1279057 | ||
| 005 | 20260406053255.0 | ||
| 010 |
_a978-5-94476-126-2 _91000 |
||
| 021 |
_aRU _b2008-62409 _93531 |
||
| 035 | _a(NLR Aleph) 001264850 | ||
| 090 |
_a402110 _c402110 |
||
| 100 | _a20080929d2008 |||y0rusy50 ca | ||
| 101 | 0 | _arus | |
| 102 | _aRU | ||
| 105 | _aa ||||||||| | ||
| 200 | 1 |
_aТеория и практика микроскопии эритроцита _fВ.В. Новицкий, Н.В. Рязанцева, Е.А. Степовая [и др.] _gпод ред. акад. РАМН В.В. Новицкого, проф. Н.В. Рязанцевой _gГОУ ВПО "Сиб. гос. мед. ун-т Росздрава" [и др.] |
|
| 210 |
_aТомск _cПечатная мануфактура _d2008 |
||
| 215 |
_a148, [4] с. _cил., портр. _d21 |
||
| 300 | _aВ надзаг. также: ФГУН "Гос. науч. центр вирусологии и биотехнологии "Вектор" Роспотребнадзора", Фил. ФГУП "НПО "Микроген"" М-ва здравоохранения и социал. развития в г. Томске "Науч.-произв. об-ние "Вирион", Харьк. нац. ун-т им. В.Н. Каразина | ||
| 300 | _aВ конце кн. авт.: Новицкий В.В. - акад. РАМН, проф., засл. деятель науки России, Рязанцева Н.В., Степова Е.А. - доктора мед. наук, профессора | ||
| 320 | _aБиблиогр.: с. 135-148 (235 назв.) | ||
| 606 | 1 |
_aЭритроциты _xИсследования _xПрименение микроскопии _92541217 _3RU\NLR\auth\661504442 |
|
| 686 | _aЕ866.621.1в734.1 | ||
| 686 | _aР252.711.51 | ||
| 701 | 1 |
_4070 _8rus _7ca _aНовицкий _bВ. В. _gВячеслав Викторович _3RU\NLR\auth\778067 _9117986 |
|
| 701 | 1 |
_aРязанцева _bН. В. _gНаталья Владимировна _4070 |
|
| 701 | 1 |
_aСтеповая _bЕ. А. _gЕлена Алексеевна _4070 |
|
| 801 | 0 |
_aRU _bNLR _c20080929 _gRCR |
|
| 801 | 1 |
_aRU _bNLR _c20080929 |
|
| 830 | _aавт. по кн. | ||
| 942 | _cBOOK | ||
| 980 | _aNB | ||
| 980 | _aNBR | ||